Contribución al conocimiento del cuaternario en el área Estación Berraondo, Pcia. de Buenos Aires, Argentina /

Guardado en:
Autor Principal: Schillizzi, Roberto A.
Otros Autores: Quattrocchio, Mirta Elena, 1950-
Formato: Libro
Idioma:Spanish
Etiquetas: Agregar Etiqueta
Sin Etiquetas, Sea el primero en etiquetar este registro!
LEADER 00494nam a22001215a 4500
001 EUN.um022605
008 041125b9999####xx############000#0#spa#d
005 20240201130748.0
245 1 0 |a Contribución al conocimiento del cuaternario en el área Estación Berraondo, Pcia. de Buenos Aires, Argentina /  |c Roberto A. Schillizzi, Mirta Quattrocchio. 
100 1 |a Schillizzi, Roberto A. 
700 1 |a Quattrocchio, Mirta Elena,  |d 1950- 
082 0 4 |a 551.78 
859 |a Ar-BaUNS  |b BIB. CENTRAL - Sector C  |h 551.78  |i Sc33  |p 90001/982